15 mots d'anglais #5 - Statistiques

Statistiques générales
  • Ce quiz a été pris 103 fois
    80 depuis la dernière actualisation
  • Le résultat moyen est 7 sur 15
Statistiques - réponses
Français Anglais % Correct
Saumon Salmon
95%
Cicatrice Scar
71%
Creuser To dig
64%
Côte Rib / Coast
59%
Juteux Juicy
55%
Messager Messenger
55%
Aubergine Eggplant
54%
Timbre Stamp
45%
Ronfler To snore
41%
Pierre précieuse Gem / Precious stone
39%
Capuche Hood
39%
Cendrier Ashtray
32%
Passer les menottes à... To handcuff
29%
Cafard Cockroach
23%
Sables mouvants Quicksand
11%
Aucun quiz correspondant
Distribution des résultats
% des personnes avec chaque résultat
Percentile par nombre de réponses
Votre historique - résultats
Vous n’avez pas pris ce quiz depuis la dernière actualisation